000 00247nam a2200097Ia 4500
001 712996
005 20250826162837.0
008 250824s9999 xx 000 0 und d
245 0 _aDENİZ FENERİ KOYU
_cKIMBERLEY FREEMAN
260 _bARKADYA YAYINLARI
999 _c712996
_d712996